Дело о выкупе земельных наделов временнообязанными крестьянами М.Н. Бабарыкина сельца Яковлева Кромского уезда Орловской губерни...

Доступно только в Электронных читальных залах Найти на картеНа карте
RUSMARC
00004069nmc2a2200000 x 450
001f2c7aeab-7ed2-4b17-94f9-932ef38326b6
00520170914033837.0
100##$a20140331l18801883k l0rusy0189 ca
1010#$arus
102##$aRU
2001#$aДело о выкупе земельных наделов временнообязанными крестьянами М.Н. Бабарыкина сельца Яковлева Кромского уезда Орловской губернии
$j25 августа 1880 г. - 31 мая 1883 г.
251##$cДело
300##$aДело
300##$aОриг. заголовок дела: Дело Бабарыкина М.Н. Орловской губернии Кромского уезда сельца Яковлева. 25 августа 1880 г. - 31 мая 1883 г
801#0$aRU
$bРГИА
$c20140331
$gRCR
801#1$aRU
$bГлавНИВЦ
$c20140331
$2rusmarc
801#2$aRU
$bПБ им. Б.Н. Ельцина
$c20170914
$gRCR
$2rusmarc
850##$aРГИА
852##$aРГИА
$eФедеральное казенное учреждение "Российский государственный исторический архив" (РГИА)
$j1355
937##$hРГИА
$d11023879
$aASBIBLIO_SCAN
462#0$10012327ab3a-0548-404e-b4cb-e37355ac5039
$12001
$a1863-1889 гг.
$1251
$cОпись
$1852
$j26
461#0$10018ef30ad5-ff5c-4840-a721-74c62a200f95
$12001
$aГлавное выкупное учреждение Министерства финансов
$1251
$cФонд
$1852
$j577
215##$a59 л.
$d36,5х26 см
371##$aДокумент не является опубликованным и широко распространяемым
105##$ay###
1222#$ad
5171#$aДело Бабарыкина М.Н. Орловской губернии Кромского уезда сельца Яковлева. 25 августа 1880 г. - 31 мая 1883 г
035##$af2c7aeab-7ed2-4b17-94f9-932ef38326b6
856##$uhttp://readingroom.main.prlib.ru/item.aspx?id_node=n104657964&mode=full
Формат отображения